000 00697nam a2200253Ia 4500
003 OSt
005 20220928130040.0
006 a|||||r|||| 00| 0
007 ta
008 220927b |||||||| |||| 00| 0 eng d
024 _a100526
037 _cTextual
040 _aSDCL
_cSDCL
_beng
041 _2eng
_aeng
082 _aS:86, M2
100 _aFisch Richard
_9472536
245 0 _aTactics of change.
260 _aSan
_bFrancisco Jossey-Bass Publishers
_c1982
300 _axx,302p.
_ccm.
700 _a Segal Lynn
_9472537
700 _a Weakland John H
_9472538
942 _hS:86, M2
_cTEXL
_2CC
999 _c785110
_d785110